|
|
|
|
| LEADER |
00000cam a2200000 7i4500 |
| 001 |
0000000068 |
| 005 |
20000717.0 |
| 020 |
0 |
0 |
|a 0521277892
|
| 090 |
0 |
0 |
|a 428.24
|b MACR 1997
|
| 100 |
1 |
0 |
|a McRAE
|h John
|
| 245 |
1 |
0 |
|a Reading between the lines :
|b Integrated language and literature activities
|c John McRae and Roy Boardman
|
| 260 |
0 |
0 |
|a Cambridge, UK :
|b Cambridge University Press ,
|c 1997
|
| 300 |
|
|
|a vii, 120 p. :
|b ill. ;
|c 24 cm.
|
| 650 |
0 |
0 |
|a English language
|x Textbooks for foreign speakers
|
| 700 |
0 |
1 |
|a Boardman
|h Roy
|
| 999 |
|
|
|a 0000001002
|b Monograph
|c Open Shelf
|e Default branch
|